[Event "Oberliga NRW 1920"]
[Site "Germany"]
[Date "2019.11.10"]
[Round "3.6"]
[White "Ries, Benjamin"]
[Black "Schmitzer, Klaus"]
[Result "1-0"]
[WhiteElo "2252"]
[BlackElo "2242"]
[PlyCount "61"]
[EventDate "2019.09.15"]
[EventType "team-tourn"]
[EventRounds "9"]
[EventCountry "GER"]
[SourceTitle "CBM 195 Extra"]
[Source "ChessBase"]
[SourceDate "2020.05.31"]
[SourceVersion "1"]
[SourceVersionDate "2020.05.31"]
[SourceQuality "1"]
[WhiteTeam "Wuppertal Bahn"]
[BlackTeam "Muenster"]
[WhiteTeamCountry "GER"]
[BlackTeamCountry "GER"]

1. d4 Nf6 2. c4 e5 3. dxe5 Ng4 4. Bf4 g5 5. Bg3 Bg7 6. Nf3 Nc6 7. Nc3 Ngxe5 8. Nxe5 Nxe5 9. e3 d6 10. h4 Be6 11. hxg5 Qxg5 12. Nd5 Qd8 13. Bh4 f6 14. Nf4 Qd7 15. Nxe6 Qxe6 16. Qd5 Qxd5 17. cxd5 f5 18. Rc1 c6 19. f4 Ng4 20. dxc6 bxc6 21. Rxc6 Nxe3 22. Bb5 0-0 23. Kd2 Rab8 24. a4 Rfe8 25. Bf2 Nxg2 26. Rg1 Nxf4 27. Rc7 Rxb5 28. Rcxg7+ Kf8 29. Rg8+ Kf7 30. R1g7+ Kf6 31. Bh4+ 1-0

[Event "Oberliga NRW 1819"]
[Site "Germany"]
[Date "2019.02.17"]
[Round "6.4"]
[White "Langers, Alexander"]
[Black "Ries, Benjamin"]
[Result "0-1"]
[WhiteElo "2240"]
[BlackElo "2273"]
[PlyCount "82"]
[EventDate "2018.09.16"]
[EventType "team-tourn"]
[EventRounds "9"]
[EventCountry "GER"]
[SourceTitle "EXT 2020"]
[Source "ChessBase"]
[SourceDate "2019.10.17"]
[SourceVersion "1"]
[SourceVersionDate "2019.10.17"]
[SourceQuality "1"]
[WhiteTeam "Erkenschwick"]
[BlackTeam "Wuppertal Bahn"]
[WhiteTeamCountry "GER"]
[BlackTeamCountry "GER"]

1. e4 c6 2. d4 d5 3. exd5 cxd5 4. c4 Nf6 5. Nc3 e6 6. Nf3 Bb4 7. a3 Bxc3+ 8. bxc3 0-0 9. Be2 dxc4 10. 0-0 a6 11. a4 b6 12. Ne5 Bb7 13. Ba3 Re8 14. Nxc4 Ne4 15. Bd3 Nxc3 16. Qc2 Qg5 17. f3 Nd5 18. Nd6 Re7 19. Nxb7 Rc7 20. Qf2 Rxb7 21. f4 Qf6 22. g4 Nc6 23. Rad1 Kh8 24. Be4 Rd7 25. g5 Qd8 26. Rd3 g6 27. Rc1 Rc8 28. Rh3 f5 29. gxf6 Qxf6 30. Bxd5 exd5 31. Rhc3 Rdd8 32. Kh1 Re8 33. a5 b5 34. Qg2 Re4 35. Rc5 Rce8 36. Rg1 Re2 37. Qg5 Qxd4 38. Rcc1 Qe4+ 39. Rg2 Qxg2+ 40. Qxg2 Rxg2 41. Kxg2 Re6 0-1

[Event "Oberliga NRW 1819"]
[Site "Germany"]
[Date "2019.01.13"]
[Round "5.5"]
[White "Muschik, Benedikt"]
[Black "Ries, Benjamin"]
[Result "1-0"]
[WhiteElo "2289"]
[BlackElo "2273"]
[PlyCount "159"]
[EventDate "2018.09.16"]
[EventType "team-tourn"]
[EventRounds "9"]
[EventCountry "GER"]
[SourceTitle "EXT 2020"]
[Source "ChessBase"]
[SourceDate "2019.10.17"]
[SourceVersion "1"]
[SourceVersionDate "2019.10.17"]
[SourceQuality "1"]
[WhiteTeam "Muenster"]
[BlackTeam "Wuppertal Bahn"]
[WhiteTeamCountry "GER"]
[BlackTeamCountry "GER"]

1. d4 d5 2. Bf4 c5 3. e3 Nc6 4. c3 Nf6 5. Nd2 cxd4 6. exd4 Bg4 7. Ngf3 e6 8. Qb3 Qc8 9. h3 Bh5 10. g4 Bg6 11. Nh4 Be7 12. Nxg6 hxg6 13. Bg2 Nd7 14. a4 g5 15. Bg3 Na5 16. Qb5 a6 17. Qd3 Nb6 18. 0-0 Nbc4 19. Nxc4 Qxc4 20. Qxc4 Nxc4 21. Rfe1 Kd7 22. Re2 Bd6 23. b3 Na5 24. Bxd6 Kxd6 25. Rb1 Rac8 26. Rc2 Rc7 27. c4 dxc4 28. bxc4 Nxc4 29. Rxb7 Rxb7 30. Bxb7 Na5 31. Bg2 Rb8 32. Rc5 Rb1+ 33. Kh2 Nb3 34. Rc6+ Ke7 35. d5 a5 36. dxe6 fxe6 37. Rb6 Nd2 38. Ra6 Nc4 39. Bc6 Rb2 40. Kg2 Kf6 41. Bb5 Ne3+ 42. Kg3 Nd1 43. Bc4 Ke5 44. Rxe6+ Kd4 45. Be2 Nc3 46. Bf3 Ra2 47. Rg6 Ra3 48. Kh2 Nxa4 49. Bc6 Nc5 50. Rxg5 Ne6 51. Rd5+ Kc4 52. Re5 Nd4 53. Bd5+ Kc5 54. Be4+ Kb4 55. Rg5 Ne6 56. Rg6 Nf4 57. Rxg7 Rxh3+ 58. Kg1 a4 59. Rf7 Ne6 60. Bd5 Nd4 61. Kg2 Rh6 62. g5 Rd6 63. Rb7+ Kc5 64. Bf7 a3 65. Ra7 Kb4 66. Kg3 Ne2+ 67. Kf3 Nc3 68. Kg4 Rd4+ 69. Kf5 Ne2 70. g6 Rf4+ 71. Ke5 Rg4 72. f3 Rg3 73. Rb7+ Kc5 74. Rc7+ Kb6 75. Rc2 Ng1 76. f4 Nf3+ 77. Kf6 Nd4 78. Rd2 Kc5 79. g7 Nf3 80. Rd3 1-0

[Event "Oberliga NRW 1718"]
[Site "Germany"]
[Date "2017.11.19"]
[Round "3.5"]
[White "Ries, Benjamin"]
[Black "Chilla, Jan Eric"]
[Result "1/2-1/2"]
[WhiteElo "2191"]
[BlackElo "2153"]
[PlyCount "110"]
[EventDate "2017.09.17"]
[EventType "team-tourn"]
[EventRounds "9"]
[EventCountry "GER"]
[SourceTitle "EXT 2019"]
[Source "ChessBase"]
[SourceDate "2018.10.10"]
[SourceVersion "1"]
[SourceVersionDate "2018.10.10"]
[SourceQuality "1"]
[WhiteTeam "Wuppertal Bahn"]
[BlackTeam "Muenster"]
[WhiteTeamCountry "GER"]
[BlackTeamCountry "GER"]

1. e4 e5 2. Nf3 Nc6 3. Bc4 Bc5 4. c3 Nf6 5. d3 a6 6. 0-0 d6 7. Bb3 Ba7 8. Nbd2 0-0 9. h3 Be6 10. Re1 Re8 11. Nf1 h6 12. Be3 d5 13. Bxa7 Rxa7 14. exd5 Bxd5 15. Bc2 Ra8 16. Ne3 Be6 17. Nd2 Qd7 18. Qf3 Rad8 19. Ne4 Nxe4 20. dxe4 Ne7 21. a4 c6 22. Rad1 Qc7 23. Bd3 Bb3 24. Bc4 Bxd1 25. Qxf7+ Kh7 26. Rxd1 Rf8 27. Qh5 g6 28. Qg4 Rxd1+ 29. Nxd1 Qd6 30. Qe2 b5 31. axb5 axb5 32. Bb3 Ng8 33. Bxg8+ Rxg8 34. Ne3 h5 35. h4 Qf6 36. g3 Rd8 37. Kg2 Kg7 38. c4 b4 39. b3 Qd6 40. g4 Qd4 41. Nc2 Qd3 42. Qxd3 Rxd3 43. Nxb4 Rxb3 44. Nxc6 Kf6 45. g5+ Ke6 46. f4 Rb2+ 47. Kf3 exf4 48. Kxf4 Rf2+ 49. Ke3 Rh2 50. Nd4+ Kd6 51. Nf3 Rh1 52. Kf4 Rc1 53. Ne5 Rf1+ 54. Nf3 Rc1 55. Ne5 Rf1+ 1/2-1/2

[Event "Oberliga NRW 1617"]
[Site "Germany"]
[Date "2017.03.05"]
[Round "7.5"]
[White "Ries, Benjamin"]
[Black "Hemmann, Arnold"]
[Result "1/2-1/2"]
[WhiteElo "2190"]
[BlackElo "2167"]
[PlyCount "187"]
[EventDate "2016.09.25"]
[EventType "team-tourn"]
[EventRounds "9"]
[EventCountry "GER"]
[SourceTitle "EXT 2020"]
[Source "ChessBase"]
[SourceDate "2019.10.17"]
[SourceVersion "1"]
[SourceVersionDate "2019.10.17"]
[SourceQuality "1"]
[WhiteTeam "Wuppertal Bahn"]
[BlackTeam "Godesberg"]
[WhiteTeamCountry "GER"]
[BlackTeamCountry "GER"]

1. d4 Nf6 2. c4 e6 3. Nc3 Bb4 4. e3 b6 5. Nge2 Ne4 6. Bd2 Nxd2 7. Qxd2 Bb7 8. a3 Be7 9. d5 0-0 10. g3 e5 11. Bg2 d6 12. 0-0 Nd7 13. b4 Ba6 14. Nb5 Bc8 15. Rfc1 a6 16. Nbc3 f5 17. Qc2 Qe8 18. a4 a5 19. Nb5 Qd8 20. Bh3 axb4 21. Rcb1 Nc5 22. Rxb4 g6 23. Bg2 Bf6 24. Rb2 Bd7 25. Rba2 Nb7 26. Nc1 Na5 27. Rb1 Qc8 28. Nd3 Nb7 29. Nc3 Ra5 30. e4 Qa8 31. Bh3 Be7 32. exf5 gxf5 33. Nb4 Nc5 34. Nc6 Bxc6 35. dxc6 e4 36. Nd5 Bd8 37. Qe2 Qxc6 38. Rb5 Qe8 39. Rxa5 bxa5 40. Ne3 Qg6 41. Qd2 f4 42. Qd5+ Kh8 43. Bf5 Qg5 44. h4 Qg7 45. Ng2 fxg3 46. fxg3 Qxg3 47. Bxe4 Bxh4 48. Re2 Bf6 49. Rf2 Qg7 50. Kf1 Be5 51. Bc2 Rxf2+ 52. Kxf2 Qg3+ 53. Kf1 Qg8 54. Ne3 Qe8 55. Nf5 h5 56. Qd2 Qe6 57. Qe2 Qg6 58. Qf3 Nd7 59. Qa8+ Qg8 60. Qe4 Nf6 61. Qh4 Qg4 62. Qxg4 hxg4 63. Kf2 Kg8 64. Nh6+ Kg7 65. Nf5+ Kf7 66. Nh6+ Ke7 67. Bf5 g3+ 68. Kf3 Nd7 69. Bc2 Nc5 70. Nf5+ Kd7 71. Ne3 Ne6 72. Bf5 Ke7 73. Nd5+ Kf7 74. Bd3 c6 75. Ne3 Nc5 76. Bc2 Ke6 77. Bf5+ Kf6 78. Bc2 Kg5 79. Nf1 Ne6 80. Be4 Nd4+ 81. Ke3 Kg4 82. Bg2 Nf5+ 83. Kd3 Nh4 84. Ne3+ Kf4 85. Bxc6 Bb2 86. Ng2+ Nxg2 87. Bxg2 Ba3 88. Ke2 Bc5 89. Kd3 Bg1 90. Ke2 Ke5 91. Kd3 Bf2 92. Bh1 Ke6 93. Ke4 Bc5 94. Bf3 1/2-1/2

[Event "Dortmund Sparkassen op-A 44th"]
[Site "Dortmund"]
[Date "2016.07.14"]
[Round "6"]
[White "Lupor, Stefan"]
[Black "Ries, Benjamin"]
[Result "1-0"]
[WhiteElo "2310"]
[BlackElo "2173"]
[PlyCount "101"]
[EventDate "2016.07.09"]
[EventType "swiss"]
[EventRounds "9"]
[EventCountry "GER"]
[SourceTitle "CBM 173 Extra"]
[Source "ChessBase"]
[SourceDate "2016.08.29"]
[SourceVersion "1"]
[SourceVersionDate "2016.08.29"]
[SourceQuality "1"]

1. e4 c6 2. d4 d5 3. Nd2 dxe4 4. Nxe4 Nd7 5. Ng5 Ngf6 6. Bd3 e6 7. N1f3 Bd6 8. Qe2 h6 9. Ne4 Nxe4 10. Qxe4 Nf6 11. Qe2 b6 12. Bd2 Bb7 13. Ne5 Bc7 14. Bc4 Qe7 15. f4 0-0 16. 0-0-0 c5 17. dxc5 bxc5 18. Rhe1 Ne4 19. Ba6 Bxe5 20. fxe5 Nxd2 21. Bxb7 Qxb7 22. Rxd2 Rab8 23. b3 Qb4 24. Qc4 Qa3+ 25. Kb1 Rb4 26. Qc3 c4 27. Red1 Qa5 28. Kb2 cxb3 29. axb3 Rb5 30. Qxa5 Rxa5 31. Rd7 Rxe5 32. Rxa7 Re2 33. b4 Rxg2 34. Kb3 Rxh2 35. b5 Rc8 36. c4 Rh4 37. Rc1 Rb8 38. Rca1 Rc8 39. Rc1 Rb8 40. Ra6 Kf8 41. b6 Rd4 42. c5 Rd5 43. Kc4 Ke7 44. Ra7+ Ke8 45. Kb5 h5 46. Kc6 Rdd8 47. b7 h4 48. Kb6 Rd3 49. c6 Rd6 50. Ra8 Rdd8 51. Rxb8 1-0

[Event "Dortmund Sparkassen op-A 44th"]
[Site "Dortmund"]
[Date "2016.07.10"]
[Round "2"]
[White "Ries, Benjamin"]
[Black "Pap, Misa"]
[Result "1/2-1/2"]
[WhiteElo "2173"]
[BlackElo "2487"]
[PlyCount "135"]
[EventDate "2016.07.09"]
[EventType "swiss"]
[EventRounds "9"]
[EventCountry "GER"]
[SourceTitle "CBM 173 Extra"]
[Source "ChessBase"]
[SourceDate "2016.08.29"]
[SourceVersion "1"]
[SourceVersionDate "2016.08.29"]
[SourceQuality "1"]

1. d4 Nf6 2. c4 c5 3. d5 b5 4. cxb5 a6 5. bxa6 g6 6. Nc3 Bg7 7. e4 Qa5 8. Bd2 d6 9. a7 Qxa7 10. Bb5+ Bd7 11. Bc4 0-0 12. Nf3 Bc8 13. 0-0 Ba6 14. Bxa6 Qxa6 15. Qc2 Nbd7 16. a4 Rfc8 17. Nb5 Nb6 18. Ra3 Nfd7 19. Rfa1 Rab8 20. Bc3 Bh6 21. b3 Na8 22. Bb2 Nc7 23. Nxc7 Rxc7 24. Nd4 Rbc8 25. Nc6 Nb8 26. Qc3 f6 27. Na5 Nd7 28. Nc4 Ne5 29. Nxe5 fxe5 30. Bc1 Bxc1 31. Rxc1 Rb8 32. Qe3 Qa5 33. Rc4 Rcb7 34. h4 Kh8 35. Qc3 Qxc3 36. Rxc3 Kg7 37. Kh2 e6 38. a5 exd5 39. exd5 Kf6 40. a6 Ra7 41. Rc4 Rb6 42. Rca4 Ke7 43. Kg3 Kf6 44. Kf3 Kf5 45. g4+ Kf6 46. Ke3 Kg7 47. Kd3 Kf6 48. f3 h6 49. Ke4 Rb5 50. Kd3 Rb6 51. Kc3 g5 52. h5 Kf7 53. Ra5 Kg7 54. Ra2 Kf7 55. R2a4 Kf6 56. Kc2 Kf7 57. Kc3 Kf6 58. Kc4 e4 59. fxe4 Ke5 60. Rb5 Raxa6 61. Rxa6 Rxa6 62. Rb7 Kxe4 63. Kb5 Ra1 64. Kc6 Ra6+ 65. Kb5 Ra2 66. Kc6 Ra6+ 67. Kb5 Ra1 68. Kc6 1/2-1/2

[Event "Niederrhein-ch"]
[Site "Solingen"]
[Date "2016.03.22"]
[Round "4"]
[White "Lemanczyk, Thomas"]
[Black "Ries, Benjamin"]
[Result "0-1"]
[WhiteElo "2161"]
[BlackElo "2164"]
[PlyCount "66"]
[EventDate "2016.03.19"]
[EventType "swiss"]
[EventRounds "7"]
[EventCountry "GER"]
[SourceTitle "EXT 2018"]
[Source "ChessBase"]
[SourceDate "2017.10.13"]
[SourceVersion "1"]
[SourceVersionDate "2017.10.13"]
[SourceQuality "1"]

1. Nf3 d5 2. d4 Nf6 3. c4 c6 4. Nc3 dxc4 5. a4 Bf5 6. e3 e6 7. Bxc4 Bb4 8. 0-0 Nbd7 9. Qe2 Bg6 10. e4 Bh5 11. Rd1 0-0 12. Bf4 Qe7 13. Na2 Ba5 14. b4 Bxb4 15. Nxb4 Qxb4 16. Rab1 Qxa4 17. Rxb7 Bxf3 18. gxf3 Rfd8 19. Bb3 Qa5 20. Bc7 Qg5+ 21. Kh1 Rdc8 22. Rg1 Qh5 23. Qe3 c5 24. Rg5 cxd4 25. Qf4 Qh6 26. Qg3 g6 27. Bf4 Nh5 28. Rxh5 Qxh5 29. Bxe6 fxe6 30. Rxd7 Qb5 31. Rxd4 Qf1+ 32. Qg1 Qxg1+ 33. Kxg1 Rf8 0-1

[Event "Unna op"]
[Site "Unna"]
[Date "2015.12.29"]
[Round "6"]
[White "Nachbar, Benjamin"]
[Black "Ries, Benjamin"]
[Result "1/2-1/2"]
[WhiteElo "2187"]
[BlackElo "2108"]
[PlyCount "115"]
[EventDate "2015.12.27"]
[EventType "swiss"]
[EventRounds "7"]
[EventCountry "GER"]
[SourceTitle "EXT 2018"]
[Source "ChessBase"]
[SourceDate "2017.10.13"]
[SourceVersion "1"]
[SourceVersionDate "2017.10.13"]
[SourceQuality "1"]

1. e4 c6 2. d3 d5 3. c3 e5 4. Nd2 Nf6 5. Be2 Bd6 6. g3 Be6 7. Kf1 Nbd7 8. Kg2 Qe7 9. a3 0-0 10. h3 Bc7 11. Ngf3 Ne8 12. b4 f5 13. Qc2 b5 14. a4 bxa4 15. Rxa4 Nd6 16. c4 fxe4 17. dxe4 dxe4 18. Nxe4 Nxe4 19. Qxe4 Nf6 20. Qxc6 Bd7 21. Qxc7 Bxh3+ 22. Rxh3 Qxc7 23. Ra5 e4 24. Ng5 Qd7 25. Rh4 Rab8 26. b5 h6 27. Nxe4 Qb7 28. Bf3 Nxe4 29. Bxe4 Rxf2+ 30. Kxf2 Qb6+ 31. Be3 Qxa5 32. Bd5+ Kh7 33. Rf4 Qa2+ 34. Kf3 Qa1 35. Kg2 Re8 36. Re4 Rf8 37. Rf4 Qb2+ 38. Rf2 Rxf2+ 39. Bxf2 h5 40. Kf3 Qa3+ 41. Be3 g5 42. Ke4 Kg6 43. Bf2 Qe7+ 44. Kf3 Kf5 45. Bc6 h4 46. gxh4 gxh4 47. c5 Qf6 48. Be3 Qc3 49. b6 axb6 50. Be4+ Ke5 51. cxb6 Qb3 52. b7 Qd1+ 53. Kf2 Kxe4 54. b8Q Qf3+ 55. Kg1 Qxe3+ 56. Kh1 Qh3+ 57. Qh2 Qf3+ 58. Qg2 1/2-1/2

[Event "Unna op"]
[Site "Unna"]
[Date "2015.12.28"]
[Round "4"]
[White "Ries, Benjamin"]
[Black "Tkachuk, Konstantyn"]
[Result "1-0"]
[WhiteElo "2108"]
[BlackElo "2259"]
[PlyCount "79"]
[EventDate "2015.12.27"]
[EventType "swiss"]
[EventRounds "7"]
[EventCountry "GER"]
[SourceTitle "EXT 2018"]
[Source "ChessBase"]
[SourceDate "2017.10.13"]
[SourceVersion "1"]
[SourceVersionDate "2017.10.13"]
[SourceQuality "1"]

1. d4 c5 2. d5 e5 3. e4 d6 4. Bb5+ Nd7 5. a4 g6 6. Nf3 Bg7 7. Nc3 Ne7 8. h3 0-0 9. g4 f5 10. gxf5 gxf5 11. Ng5 Nf6 12. Rg1 fxe4 13. Ncxe4 Nf5 14. Ra3 Kh8 15. Nxf6 Qxf6 16. Qh5 Qg6 17. Be8 Qxh5 18. Bxh5 Bd7 19. Rf3 Be8 20. Bg4 Bg6 21. Ne6 Nd4 22. Rxf8+ Bxf8 23. c3 Nxe6 24. Bxe6 Be7 25. Bh6 Bf6 26. Ke2 a5 27. Ke3 Bc2 28. Rg4 Bd1 29. f3 Rb8 30. h4 b6 31. h5 Rd8 32. Kf2 Rb8 33. Kg2 Rd8 34. Kg3 Rb8 35. Kf2 Rd8 36. Ke3 Rb8 37. Rg2 Bxa4 38. Ke4 Bd1 39. Kf5 Bxf3 40. Kxf6 1-0

[Event "Unna op"]
[Site "Unna"]
[Date "2015.12.27"]
[Round "1"]
[White "Gromov, Alexander"]
[Black "Ries, Benjamin"]
[Result "0-1"]
[WhiteElo "1576"]
[BlackElo "2108"]
[PlyCount "70"]
[EventDate "2015.12.27"]
[EventType "swiss"]
[EventRounds "7"]
[EventCountry "GER"]
[SourceTitle "EXT 2018"]
[Source "ChessBase"]
[SourceDate "2017.10.13"]
[SourceVersion "1"]
[SourceVersionDate "2017.10.13"]
[SourceQuality "1"]

1. e4 c5 2. Nf3 d6 3. d4 cxd4 4. Nxd4 Nf6 5. Nc3 a6 6. f3 e5 7. Nb3 Be6 8. Be3 Be7 9. Qd2 0-0 10. 0-0-0 a5 11. Kb1 a4 12. Nc1 Ra5 13. Bb5 a3 14. Nb3 Bxb3 15. cxb3 d5 16. exd5 Bb4 17. Bc4 b5 18. Bd3 Qc8 19. Rc1 axb2 20. Rc2 Qa6 21. a4 Rc8 22. Kxb2 g6 23. Bxb5 Rxb5 24. axb5 Qa3+ 25. Kb1 Qxb3+ 26. Rb2 Qc4 27. Qe2 Bxc3 28. Qxc4 Rxc4 29. Rc2 Nxd5 30. Ba7 Ra4 31. Ra2 Rb4+ 32. Kc2 Rxb5 33. Ra3 Nc6 34. Bf2 Rb2+ 35. Kd3 Rxf2 0-1

[Event "GER-ch Seniors"]
[Site "Dresden"]
[Date "2012.08.17"]
[Round "9"]
[White "Micheel, Peter"]
[Black "Ries, Benjamin"]
[Result "1/2-1/2"]
[WhiteElo "1918"]
[BlackElo "1962"]
[PlyCount "78"]
[EventDate "2012.08.09"]
[EventType "swiss"]
[EventRounds "9"]
[EventCountry "GER"]
[SourceTitle "EXT 2014"]
[Source "ChessBase"]
[SourceDate "2013.11.20"]
[SourceVersion "1"]
[SourceVersionDate "2013.11.20"]
[SourceQuality "1"]

1. e4 c5 2. Nf3 d6 3. Nc3 Nf6 4. e5 dxe5 5. Nxe5 Nbd7 6. Nxd7 Bxd7 7. Be2 Bc6 8. Bf3 Qd7 9. 0-0 e6 10. d3 Be7 11. Qe2 0-0 12. Re1 Rfe8 13. Bf4 Nd5 14. Nxd5 exd5 15. Qd2 Bf6 16. c3 d4 17. Bxc6 Qxc6 18. c4 h6 19. Kf1 g5 20. Bg3 h5 21. h3 h4 22. Bh2 Kg7 23. b3 Qd7 24. Rxe8 Rxe8 25. Re1 Rxe1+ 26. Qxe1 g4 27. hxg4 Qxg4 28. Qe2 Qf5 29. f3 Qg5 30. f4 Qf5 31. Qf3 Kg6 32. Ke2 Qd7 33. Qe4+ Kg7 34. f5 b5 35. cxb5 Qxb5 36. Qg4+ Kh7 37. Qh5+ Kg8 38. Bf4 Qe8+ 39. Kd1 Qe7 1/2-1/2

[Event "GER-ch Seniors"]
[Site "Dresden"]
[Date "2012.08.11"]
[Round "3"]
[White "Weyand, Fernand"]
[Black "Ries, Benjamin"]
[Result "0-1"]
[WhiteElo "1786"]
[BlackElo "1962"]
[PlyCount "116"]
[EventDate "2012.08.09"]
[EventType "swiss"]
[EventRounds "9"]
[EventCountry "GER"]
[SourceTitle "EXT 2014"]
[Source "ChessBase"]
[SourceDate "2013.11.20"]
[SourceVersion "1"]
[SourceVersionDate "2013.11.20"]
[SourceQuality "1"]

1. e4 c5 2. Nc3 a6 3. a4 Nc6 4. f4 e6 5. Nf3 d5 6. exd5 exd5 7. d4 cxd4 8. Nxd4 Bb4 9. Qd3 Qe7+ 10. Be2 Nxd4 11. Qxd4 Nf6 12. Bd2 0-0 13. Kd1 Bc5 14. Qd3 Bg4 15. Bf3 Ne4 16. Be1 Bxf3+ 17. Qxf3 Nxc3+ 18. Bxc3 d4 19. Bd2 Qd7 20. Re1 Rad8 21. b4 Ba7 22. Ra3 Rc8 23. Qh3 Qc7 24. Qd3 Rfd8 25. Re5 Qc6 26. Qe4 Qc4 27. Qd3 Qc6 28. Qe4 Qd7 29. Re7 Qg4+ 30. Qf3 Qf5 31. Rd3 Rd7 32. Rxd7 Qxd7 33. Ra3 b5 34. axb5 Qxb5 35. Qd3 Qh5+ 36. Qf3 Qg6 37. Rd3 Qb6 38. Ra3 Qb5 39. Ra5 Qc4 40. Qd3 Qc6 41. Rg5 h6 42. Rg3 Qa4 43. Be1 Qa1+ 44. Kd2 Re8 45. Bf2 Qc3+ 46. Kd1 Qxb4 47. Qb3 Qa5 48. Qa3 Qb5 49. Rd3 Qb1+ 50. Kd2 Qf1 51. Bxd4 Qxg2+ 52. Kc1 Rc8 53. Rd2 Qf1+ 54. Kb2 Rb8+ 55. Kc3 Qf3+ 56. Rd3 Qc6+ 57. Kd2 Qg2+ 58. Kc1 Qf1+ 0-1

[Event "GER-ch Seniors"]
[Site "Dresden"]
[Date "2012.08.09"]
[Round "1"]
[White "Zunker, Reinhard"]
[Black "Ries, Benjamin"]
[Result "1-0"]
[WhiteElo "2177"]
[BlackElo "1962"]
[PlyCount "51"]
[EventDate "2012.08.09"]
[EventType "swiss"]
[EventRounds "9"]
[EventCountry "GER"]
[SourceTitle "EXT 2014"]
[Source "ChessBase"]
[SourceDate "2013.11.20"]
[SourceVersion "1"]
[SourceVersionDate "2013.11.20"]
[SourceQuality "1"]

1. e4 c5 2. Nf3 d6 3. d4 cxd4 4. Nxd4 Nf6 5. Nc3 a6 6. Be2 e5 7. Nb3 Be7 8. g4 h6 9. Be3 Be6 10. Bf3 Nbd7 11. Nd5 Nc5 12. Nxf6+ gxf6 13. Qd2 Qd7 14. h3 Nxb3 15. axb3 h5 16. gxh5 Bxh3 17. h6 0-0-0 18. b4 Be6 19. c4 Kb8 20. b3 Qc6 21. Ra5 f5 22. b5 axb5 23. cxb5 Qd7 24. Ba7+ Kc8 25. Bb6 Qe8 26. Qc3+ 1-0

[Event "Dresden ZMD op"]
[Site "Dresden"]
[Date "2010.07.11"]
[Round "2"]
[White "Mouritsen, Jan"]
[Black "Ries, Benjamin"]
[Result "1-0"]
[WhiteElo "1751"]
[BlackElo "2072"]
[PlyCount "117"]
[EventDate "2010.07.10"]
[EventType "swiss"]
[EventRounds "9"]
[EventCountry "GER"]
[SourceTitle "CBM 137 Extra"]
[Source "ChessBase"]
[SourceDate "2010.09.01"]
[SourceVersion "1"]
[SourceVersionDate "2010.09.01"]
[SourceQuality "1"]

1. d4 Nf6 2. Nf3 e6 3. c4 Bb4+ 4. Nc3 0-0 5. e3 d5 6. a3 Be7 7. Bd3 b6 8. 0-0 Bb7 9. Ne5 Nbd7 10. f4 c5 11. cxd5 exd5 12. Qc2 Rc8 13. Bd2 cxd4 14. exd4 Ne4 15. Nxd7 Qxd7 16. Rad1 Bf6 17. Be3 Rfe8 18. Rf3 Qc6 19. Rh3 g6 20. Nxe4 dxe4 21. Qxc6 Bxc6 22. Ba6 Ba4 23. Rb1 Rcd8 24. b3 Bd7 25. Rg3 Bh4 26. Kf2 b5 27. d5 Ra8 28. Rc1 Bxg3+ 29. hxg3 Red8 30. Bb7 Rab8 31. Rc7 Bc8 32. Bc6 Bf5 33. Bxa7 Rbc8 34. Re7 Rxc6 35. dxc6 Rd2+ 36. Ke1 Rd3 37. c7 Rxb3 38. Re8+ Kg7 39. c8Q Bxc8 40. Rxc8 Rxa3 41. Bd4+ Kh6 42. g4 f5 43. gxf5 gxf5 44. Rc5 Rd3 45. Bb2 Rb3 46. Bf6 Kg6 47. Bg5 b4 48. Rc6+ Kg7 49. Rf6 Rb1+ 50. Kf2 Rb2+ 51. Kg3 Rb3+ 52. Kh4 e3 53. Rxf5 e2 54. Kh5 h6 55. Bxh6+ Kg8 56. Re5 Rd3 57. Rxe2 b3 58. f5 Rd5 59. Kg4 1-0

[Event "GER-ch internet U18"]
[Site "Playchess.com INT"]
[Date "2004.03.14"]
[Round "7"]
[White "Armbrust, Florian"]
[Black "Ries, Benjamin"]
[Result "0-1"]
[WhiteElo "2167"]
[BlackElo "2108"]
[PlyCount "44"]
[EventDate "2004.03.14"]
[EventType "swiss (blitz)"]
[EventRounds "7"]
[EventCountry "GER"]
[SourceTitle "EXT 2005"]
[Source "ChessBase"]
[SourceDate "2004.11.15"]
[SourceVersion "1"]
[SourceVersionDate "2004.11.15"]
[SourceQuality "1"]

1. e4 e5 2. f4 exf4 3. Nf3 d6 4. Bc4 Be6 5. Bxe6 fxe6 6. d4 Nf6 7. e5 dxe5 8. Nxe5 Nd5 9. Qh5+ g6 10. Nxg6 Nf6 11. Qb5+ c6 12. Qxb7 hxg6 13. Qxa8 f3 14. gxf3 Bd6 15. Bg5 Qa5+ 16. Bd2 Bg3+ 17. Kf1 Qb5+ 18. Kg2 Qe2+ 19. Kxg3 Rh3+ 20. Kf4 Rxf3+ 21. Kg5 Qxd2+ 22. Kxg6 Qg2+ 0-1

[Event "GER-ch internet U18"]
[Site "Playchess.com INT"]
[Date "2004.03.14"]
[Round "2"]
[White "Ries, Benjamin"]
[Black "Gruenke, Paul"]
[Result "1-0"]
[WhiteElo "2096"]
[BlackElo "1923"]
[PlyCount "67"]
[EventDate "2004.03.14"]
[EventType "swiss (blitz)"]
[EventRounds "7"]
[EventCountry "GER"]
[SourceTitle "EXT 2005"]
[Source "ChessBase"]
[SourceDate "2004.11.15"]
[SourceVersion "1"]
[SourceVersionDate "2004.11.15"]
[SourceQuality "1"]

1. e4 c5 2. c3 d5 3. exd5 Qxd5 4. d4 cxd4 5. cxd4 e6 6. Nf3 Nc6 7. Nc3 Bb4 8. Bd2 Qa5 9. a3 Bxc3 10. bxc3 Qd8 11. Bb5 Nge7 12. 0-0 0-0 13. Rb1 a6 14. Bd3 Bd7 15. Ng5 h6 16. Ne4 b5 17. f4 Nd5 18. Rf3 Nf6 19. Nc5 Na5 20. Rg3 Kh8 21. f5 exf5 22. Qc1 Kh7 23. Qc2 g6 24. Rh3 Ng8 25. Rf1 Kg7 26. Qc1 f4 27. Nxd7 Qxd7 28. Bxf4 g5 29. Bxg5 Qc6 30. Bf6+ Qxf6 31. Rg3+ Kh8 32. Rxf6 Nxf6 33. Qxh6+ Nh7 34. Qxh7# 1-0

[Event "DLM U20"]
[Site "Werfen"]
[Date "2002.07.31"]
[Round "5.2"]
[White "Lantzsch, Christian"]
[Black "Ries, Benjamin"]
[Result "1-0"]
[WhiteElo "2044"]
[BlackElo "2074"]
[PlyCount "77"]
[EventDate "2002.07.28"]
[EventType "team-swiss"]
[EventRounds "7"]
[EventCountry "GER"]
[SourceTitle "CBM 089 Extra"]
[Source "ChessBase"]
[SourceDate "2002.09.10"]
[SourceVersion "2"]
[SourceVersionDate "2002.09.10"]
[SourceQuality "1"]

1. d4 d5 2. Nf3 Nf6 3. e3 g6 4. Bd3 Bg7 5. 0-0 Bg4 6. Nbd2 0-0 7. h3 Bf5 8. b3 Nbd7 9. Bb2 Ne4 10. Rc1 c5 11. g4 Nxd2 12. Qxd2 Be4 13. Be2 h5 14. Ne1 hxg4 15. hxg4 g5 16. f3 Bg6 17. Bd3 cxd4 18. exd4 e5 19. Bxg6 fxg6 20. dxe5 Nxe5 21. Rd1 Nxf3+ 22. Nxf3 Bxb2 23. Qxd5+ Qxd5 24. Rxd5 Rf4 25. Nxg5 Rxg4+ 26. Kh2 Rf8 27. Kh3 Rxf1 28. Kxg4 Rg1+ 29. Kf3 Rf1+ 30. Ke2 Rf5 31. Rd8+ Rf8 32. Rd7 Bf6 33. Ne4 Re8 34. Kf3 Bd8 35. Rxb7 g5 36. Rxa7 g4+ 37. Kf4 Bb6 38. Nf6+ Kf8 39. Nd7+ 1-0